| 000 | 00430nam a2200181Ia 4500 | ||
|---|---|---|---|
| 001 | 9678 | ||
| 005 | 20260306161736.0 | ||
| 008 | 260306t1980||||xx |||||||||||||| ||spa|| | ||
| 041 | _aESP | ||
| 082 |
_a392 _bW32 |
||
| 100 |
_aWatson Espener, Maida Isabel _eAUT |
||
| 245 | 0 | _aEl cuadro de costumbres en el Perú decimonónico | |
| 260 | _c1980 | ||
| 300 |
_a _c |
||
| 650 | _aGEN | ||
| 654 | _aCHU | ||
| 942 |
_cLIB _dJUS _fJUS _2ddc _n |
||
| 999 |
_c9678 _d9678 |
||